00767nam a22001935i 4500001001100000005001700011008004100028035002000069040003200089100001800121245012000139260004700259300003700306650004100343650003800384700003000422752003100452852009000483C00067219c20241029151238.0070917s1913 xxkf ||| | eng d aCCPB000912436-5 aCCPB-B bspa cCCPB-B erdc1 aArnold, Hugh.10aStained glass of the middle ages in England and France / cpainted by Lawrence B. Saint ; described by Hugh Arnold. aLondon : bAdam and Charles Black, c1913. a269 p., L h. de grab. ; c24 cm. 4aVidrieras-zInglaterra-yEdad media. 4aVidrieras-zFrancia-yEdad media.1 aSaint, Lawrence B., eil. aGran Bretaña - dLondres aM-RABA, jL-252 -- zAnotación manuscrita en la portada: "R. Stolz Viciano"